<?xml version="1.0" encoding="UTF-8"?>
<record
    xmlns:xsi="http://www.w3.org/2001/XMLSchema-instance"
    xsi:schemaLocation="http://www.loc.gov/MARC21/slim http://www.loc.gov/standards/marcxml/schema/MARC21slim.xsd"
    xmlns="http://www.loc.gov/MARC21/slim">

  <leader>01578nam a2200289 u 4500</leader>
  <controlfield tag="001">892811</controlfield>
  <controlfield tag="003">CO-MdUADB</controlfield>
  <controlfield tag="005">20260506154044.0</controlfield>
  <controlfield tag="008">041001s2002                        spa  </controlfield>
  <datafield tag="020" ind1=" " ind2=" ">
    <subfield code="a">9589722423</subfield>
  </datafield>
  <datafield tag="035" ind1=" " ind2=" ">
    <subfield code="a">892811</subfield>
  </datafield>
  <datafield tag="035" ind1=" " ind2=" ">
    <subfield code="a">(OCoLC)777885356</subfield>
  </datafield>
  <datafield tag="040" ind1=" " ind2=" ">
    <subfield code="c">comduadb</subfield>
  </datafield>
  <datafield tag="041" ind1=" " ind2=" ">
    <subfield code="a">spa</subfield>
  </datafield>
  <datafield tag="080" ind1=" " ind2=" ">
    <subfield code="a">E</subfield>
  </datafield>
  <datafield tag="082" ind1=" " ind2="4">
    <subfield code="a">361</subfield>
  </datafield>
  <datafield tag="100" ind1="1" ind2="0">
    <subfield code="a">Vega Cantor, Ren&#xE1;n,</subfield>
    <subfield code="d">1957-</subfield>
    <subfield code="4">aut</subfield>
    <subfield code="0">(isni)0000000027588378</subfield>
    <subfield code="0">(viaf)69026294</subfield>
    <subfield code="e">aut</subfield>
    <subfield code="9">469810</subfield>
  </datafield>
  <datafield tag="245" ind1="1" ind2="0">
    <subfield code="a">Gente muy rebelde :</subfield>
    <subfield code="b">2. Ind&#xED;genas, campesinos y protestas agrarias</subfield>
  </datafield>
  <datafield tag="260" ind1=" " ind2=" ">
    <subfield code="a">Bogot&#xE1; :</subfield>
    <subfield code="b">Ediciones Pensamiento Cr&#xED;tico,</subfield>
    <subfield code="c">2002.</subfield>
  </datafield>
  <datafield tag="300" ind1=" " ind2=" ">
    <subfield code="a">331 p&#xE1;ginas</subfield>
  </datafield>
  <datafield tag="520" ind1="3" ind2=" ">
    <subfield code="a">Este volumen esta consagrado a las luchas indigeneas y agrarias que estremecieron el poder de los grandes hacendados y terratenientes durante las primeras decadas del siglo XX. La lucha indigena conocida por Manuel Quintin Lame en el Departamento del Cauca senalo, el despertar de las comunidades en la defensa de sus tierras, a su Vez, el desarrollo del capitalismo en las ciudades y en las obras publicas impulso la migracion de campesinos, peones, colonos, aparceros y terrazgueros y su conversion en trabajadores asalariados, originando luchas internas en las distintas regiones. Por primera vez, los pobres del campo pusieron en cuestion el dominio de los grandes propietarios  y erocionaron la hacienda precapitalista.</subfield>
  </datafield>
  <datafield tag="650" ind1=" " ind2=" ">
    <subfield code="a">Protesta social</subfield>
    <subfield code="9">174712</subfield>
  </datafield>
  <datafield tag="650" ind1=" " ind2=" ">
    <subfield code="a">Protesta agraria</subfield>
    <subfield code="9">139337</subfield>
  </datafield>
  <datafield tag="650" ind1=" " ind2="7">
    <subfield code="a">Ind&#xED;genas de Colombia</subfield>
    <subfield code="2">lemb</subfield>
    <subfield code="9">290</subfield>
  </datafield>
  <datafield tag="650" ind1=" " ind2="7">
    <subfield code="a">Campesinos</subfield>
    <subfield code="z">Colombia</subfield>
    <subfield code="2">lemb</subfield>
    <subfield code="9">1459</subfield>
  </datafield>
  <datafield tag="942" ind1=" " ind2=" ">
    <subfield code="c">BOOK</subfield>
    <subfield code="2">ddc</subfield>
  </datafield>
  <datafield tag="999" ind1=" " ind2=" ">
    <subfield code="c">330304</subfield>
    <subfield code="d">330304</subfield>
  </datafield>
  <datafield tag="952" ind1=" " ind2=" ">
    <subfield code="0">0</subfield>
    <subfield code="1">0</subfield>
    <subfield code="4">0</subfield>
    <subfield code="7">0</subfield>
    <subfield code="8">GEN</subfield>
    <subfield code="a">BC</subfield>
    <subfield code="b">BC</subfield>
    <subfield code="d">2004-10-01</subfield>
    <subfield code="e">Libreria La Fragua</subfield>
    <subfield code="g">32500.00</subfield>
    <subfield code="i">C840957</subfield>
    <subfield code="l">3</subfield>
    <subfield code="o">361.23 V422 v2</subfield>
    <subfield code="p">0548367</subfield>
    <subfield code="r">2025-08-20 16:34:52</subfield>
    <subfield code="s">2025-08-19</subfield>
    <subfield code="t">1</subfield>
    <subfield code="w">2023-04-25</subfield>
    <subfield code="y">BOOK</subfield>
  </datafield>
  <datafield tag="952" ind1=" " ind2=" ">
    <subfield code="0">0</subfield>
    <subfield code="1">0</subfield>
    <subfield code="4">0</subfield>
    <subfield code="7">0</subfield>
    <subfield code="8">GENERAL</subfield>
    <subfield code="a">IEP</subfield>
    <subfield code="b">IEP</subfield>
    <subfield code="d">2005-07-18</subfield>
    <subfield code="e">Compras</subfield>
    <subfield code="i">C873534</subfield>
    <subfield code="l">0</subfield>
    <subfield code="o">E00085 v2</subfield>
    <subfield code="p">0602693</subfield>
    <subfield code="r">2023-04-25 00:00:00</subfield>
    <subfield code="t">2</subfield>
    <subfield code="w">2023-04-25</subfield>
    <subfield code="y">BOOK</subfield>
  </datafield>
</record>
